[Event "TUR Cup"]
[Site "Denizli"]
[Date "2023.07.21"]
[Round "8"]
[White "Bardak, Tugberk"]
[Black "Topcu, Tibet Tuna"]
[Result "1-0"]
[WhiteElo "1563"]
[BlackElo "1731"]
[PlyCount "71"]
[EventDate "2023.07.16"]
[EventType "team-tourn"]
[EventRounds "9"]
[EventCountry "TUR"]
[SourceTitle "CBM 215 Extra"]
[Source "ChessBase"]
[SourceDate "2023.09.30"]
[SourceVersion "1"]
[SourceVersionDate "2023.09.30"]
[SourceQuality "1"]

1. e4 c5 2. Nf3 d6 3. Bb5+ Bd7 4. Bxd7+ Nxd7 5. c4 Ngf6 6. Nc3 g6 7. d4 cxd4 8. Nxd4 Bg7 9. Be3 a6 10. f3 Rc8 11. Rc1 Rxc4 12. 0-0 0-0 13. Qb3 Rc7 14. a4 Ne5 15. Nd5 Nxd5 16. Qxd5 Nd3 17. Ne6 fxe6 18. Qxd3 Rxc1 19. Rxc1 d5 20. Rd1 Bxb2 21. Qb3 Be5 22. exd5 Qd6 23. dxe6 Bxh2+ 24. Kh1 Qe5 25. Rd5 Qg3 26. Qb4 Qc7 27. Rd7 Bd6 28. Qd4 Qa5 29. Rxd6 Qe1+ 30. Kh2 exd6 31. e7 Re8 32. Qd5+ Kg7 33. Bd4+ Kh6 34. Bf6 Qe3 35. Qf7 Rxe7 36. Qf8+ 1-0

[Event "TUR Cup"]
[Site "Denizli"]
[Date "2023.07.17"]
[Round "2"]
[White "Altundal, Arda"]
[Black "Bardak, Tugberk"]
[Result "1-0"]
[WhiteElo "1750"]
[BlackElo "1563"]
[PlyCount "97"]
[EventDate "2023.07.16"]
[EventType "team-tourn"]
[EventRounds "9"]
[EventCountry "TUR"]
[SourceTitle "CBM 215 Extra"]
[Source "ChessBase"]
[SourceDate "2023.09.30"]
[SourceVersion "1"]
[SourceVersionDate "2023.09.30"]
[SourceQuality "1"]

1. e4 c6 2. d4 d5 3. e5 c5 4. c3 Nc6 5. Nf3 Bg4 6. Bb5 e6 7. 0-0 cxd4 8. cxd4 Qb6 9. Bxc6+ Qxc6 10. Be3 Ne7 11. Nbd2 Qb6 12. Nb3 Nc6 13. h3 Bxf3 14. Qxf3 a5 15. Qg4 h5 16. Qg3 g6 17. Qf4 a4 18. Nc5 Bxc5 19. dxc5 Qxb2 20. Rab1 Qxe5 21. Qxe5 Nxe5 22. Bd4 f6 23. Rxb7 0-0 24. Bxe5 fxe5 25. c6 Rac8 26. Rc1 Rf7 27. c7 Kg7 28. Kf1 Kf6 29. Ke2 e4 30. Ke3 Ke5 31. Ra7 d4+ 32. Ke2 Rcf8 33. Ra5+ Kd6 34. c8N+ Kd7 35. Ra7+ Kd8 36. Rxf7 Rxf7 37. Nd6 Rd7 38. Nxe4 Rb7 39. Kd3 e5 40. Rc4 a3 41. Ra4 Rb1 42. Rxa3 Rd1+ 43. Ke2 Rg1 44. Kf3 Rd1 45. Ra5 Ra1 46. Rxe5 Rxa2 47. Rd5+ Ke7 48. Rxd4 Ra3+ 49. Kf4 1-0